El nacimiento del tiempo

I tiakina i:
Ngā taipitopito rārangi puna kōrero
Kaituhi matua: Prigogine, Ilya (Author)
Hōputu: Pukapuka
Reo:Pāniora
I whakaputaina: Barcelona Tusquets 2012
Putanga:1a. ed
Rangatū:Fábula
Ngā marau:
Ngā Tūtohu: Tāpirihia he Tūtohu
Kāore He Tūtohu, Me noho koe te mea tuatahi ki te tūtohu i tēnei pūkete!

MARC

LEADER 00000cam a2200000 a 4500
001 UCE9216
003 CL-VaPUC
008 151009e20120000sp |||||||||||||||||spa|d
020 |a 9788483833780 
082 0 4 |a 530.1  |b PRI  |2 21 
100 0 |a Prigogine, Ilya  |e author  |9 476656 
245 1 3 |a El nacimiento del tiempo 
250 |a 1a. ed 
300 |a 98 p 
942 |c BK 
945 |d 20151009 15:17:00  |a dcastane 
260 |a Barcelona  |b Tusquets  |c 2012 
650 0 |a Tiempo   |9 267892 
650 0 |a Cosmología  |9 269138 
583 |a last modification  |c 20151009 15:17:00  |k Rodrigo Vera 
490 0 |a Fábula 
999 |c 360893  |d 360891 
952 |0 0  |1 0  |3 erb  |4 0  |6 530_100000000000000_PRI_2012  |7 0  |8 A  |9 471156  |a BIBARQ  |b BIBARQ  |i 5242622  |l 1  |o 530.1 PRI 2012  |p 5242622  |r 2025-01-20  |s 2022-09-26  |w 2019-11-24  |y BK  |z Catalogado en:20151009  |k ARQ